00980nam a2200229 a 450000100100000000500170001000800410002702000150006804000250008310000370010824501170014526000270026230000210028949000340031050400730034470000360041771000800045371000540053383000410058795201050062899900170073300004126020201002034732.0130927s1981 sp 000 0 spa d a8400049918 aDO-SdBNPbspacBNPHU1 aAbbad, Iñigod1745-181396786410aDescripción de las costas de California /cIñigo Abbad y Lasierra; edición y estudio por Sylvia L. Hilton. aMadrid :bCSIC,c1981. a230 p. ;c25 cm.1 aTierra nueva e cielo nuevov3 aIncluye referencias bibliográficas y notas al pie de las páginas1 aHilton, Sylvia-Lyn,eed.9678652 aConsejo Superior de Investigaciones Científicas, (España)Consejo9678662 aInstituto "Gonzalo Fernández de Oviedo".959992 0aTierra nueva e cielo nuevov3915388 001050718MOaGRbGRcCTd2013-09-27iLF1l0o p41260-10r2020-06-25w2020-06-25y1ZNo se presta c40750d40750